Southville International School and Colleges
Your cart is empty.
  • Cart
  • Lists
    Public lists Eva Luna New books Lux_list list_1
    Your lists Log in to create your own lists
  • Log in to your account
  • Your cookies
  • Search history
Southville International School and Colleges
  • Advanced search
  • Recent comments
  • Most popular
  • Libraries

Log in to your account

Log in with GOOGLE


If you do not have an external account, but do have a local account, you can still log in:

  1. Home
  2. MARC view: Medication safety in pregnancy and breastfeeding :
Normal view MARC view ISBD view

Medication safety in pregnancy and breastfeeding : (Record no. 13580)

[ view plain ]
MARC details
000 -LEADER
fixed length control field 02031cam a22004694a 4500
001 - CONTROL NUMBER
control field 14528375
003 - CONTROL NUMBER IDENTIFIER
control field OSt
005 - DATE AND TIME OF LATEST TRANSACTION
control field 20140310182445.0
008 - FIXED-LENGTH DATA ELEMENTS--GENERAL INFORMATION
fixed length control field 060829s2007 nyu bf 001 0 eng
010 ## - LIBRARY OF CONGRESS CONTROL NUMBER
LC control number 2006028764
015 ## - NATIONAL BIBLIOGRAPHY NUMBER
National bibliography number GBA685351
Source bnb
016 7# - NATIONAL BIBLIOGRAPHIC AGENCY CONTROL NUMBER
Record control number 101286086
Source DNLM
016 7# - NATIONAL BIBLIOGRAPHIC AGENCY CONTROL NUMBER
Record control number 013572398
Source Uk
020 ## - INTERNATIONAL STANDARD BOOK NUMBER
International Standard Book Number 97800711001595
020 ## - INTERNATIONAL STANDARD BOOK NUMBER
International Standard Book Number 0071100598
035 ## - SYSTEM CONTROL NUMBER
System control number (OCoLC)ocm71233152
035 ## - SYSTEM CONTROL NUMBER
System control number (OCoLC)71233152
040 ## - CATALOGING SOURCE
Original cataloging agency DNLM/DLC
Transcribing agency DLC
Modifying agency YDX
-- NLM
-- BAKER
-- UKM
-- YDXCP
-- DLC
042 ## - AUTHENTICATION CODE
Authentication code pcc
050 00 - LIBRARY OF CONGRESS CALL NUMBER
Classification number RG 627.6.D.79
Item number .M4344 2007
100 ## - MAIN ENTRY--PERSONAL NAME
Personal name Gideon Koren.
9 (RLIN) 7655
245 00 - TITLE STATEMENT
Title Medication safety in pregnancy and breastfeeding :
Remainder of title the evidence-based A-to-Z clinician's pocket guide /
Statement of responsibility, etc [edited by] Gideon Koren.
246 38 - VARYING FORM OF TITLE
Title proper/short title Medication safety in pregnancy & breastfeeding
260 ## - PUBLICATION, DISTRIBUTION, ETC. (IMPRINT)
Place of publication, distribution, etc New York :
Name of publisher, distributor, etc McGraw-Hill Medical,
Date of publication, distribution, etc c2007.
300 ## - PHYSICAL DESCRIPTION
Extent xvi, 336 p. ;
Dimensions 21 cm.
650 #0 - SUBJECT ADDED ENTRY--TOPICAL TERM
Topical term or geographic name as entry element Fetus
General subdivision Effect of drugs on
Form subdivision Handbooks, manuals, etc.
9 (RLIN) 7656
650 #0 - SUBJECT ADDED ENTRY--TOPICAL TERM
Topical term or geographic name as entry element Newborn infants
General subdivision Effect of drugs on
Form subdivision Handbooks, manuals, etc.
9 (RLIN) 7657
650 #0 - SUBJECT ADDED ENTRY--TOPICAL TERM
Topical term or geographic name as entry element Breast milk
General subdivision Contamination
Form subdivision Handbooks, manuals, etc.
9 (RLIN) 7658
650 #0 - SUBJECT ADDED ENTRY--TOPICAL TERM
Topical term or geographic name as entry element Drugs
General subdivision Side effects
Form subdivision Handbooks, manuals, etc.
9 (RLIN) 7659
650 12 - SUBJECT ADDED ENTRY--TOPICAL TERM
Topical term or geographic name as entry element Drug Toxicity
Form subdivision Handbooks.
9 (RLIN) 7660
650 12 - SUBJECT ADDED ENTRY--TOPICAL TERM
Topical term or geographic name as entry element Pregnancy
General subdivision drug effects
Form subdivision Handbooks.
9 (RLIN) 7661
650 22 - SUBJECT ADDED ENTRY--TOPICAL TERM
Topical term or geographic name as entry element Breast Feeding
Form subdivision Handbooks.
9 (RLIN) 7662
650 22 - SUBJECT ADDED ENTRY--TOPICAL TERM
Topical term or geographic name as entry element Pharmaceutical Preparations
General subdivision adverse effects
Form subdivision Handbooks.
9 (RLIN) 7663
700 1# - ADDED ENTRY--PERSONAL NAME
Personal name Koren, Gideon,
Dates associated with a name 1947-
9 (RLIN) 7664
856 42 - ELECTRONIC LOCATION AND ACCESS
Materials specified Contributor biographical information
Uniform Resource Identifier <a href="http://www.loc.gov/catdir/enhancements/fy0668/2006028764-b.html">http://www.loc.gov/catdir/enhancements/fy0668/2006028764-b.html</a>
856 42 - ELECTRONIC LOCATION AND ACCESS
Materials specified Publisher description
Uniform Resource Identifier <a href="http://www.loc.gov/catdir/enhancements/fy0668/2006028764-d.html">http://www.loc.gov/catdir/enhancements/fy0668/2006028764-d.html</a>
856 41 - ELECTRONIC LOCATION AND ACCESS
Materials specified Table of contents only
Uniform Resource Identifier <a href="http://www.loc.gov/catdir/enhancements/fy0668/2006028764-t.html">http://www.loc.gov/catdir/enhancements/fy0668/2006028764-t.html</a>
906 ## - LOCAL DATA ELEMENT F, LDF (RLIN)
a 7
b cbc
c orignew
d 1
e ecip
f 20
g y-gencatlg
942 ## - ADDED ENTRY ELEMENTS (KOHA)
Source of classification or shelving scheme Library of Congress Classification
Koha item type Books
Call number prefix
Holdings
Withdrawn status Lost status Source of classification or shelving scheme Damaged status Home library Current library Shelving location Date acquired Total Checkouts Full call number Barcode Date last seen Copy number Price effective from Koha item type
    Library of Congress Classification   South SEED-LPDH College Library South SEED-LPDH College Library South SEED-LPDH College Section 08/05/2013   RG 627.6.D.79 .M4344 2007 SSLC0318 05/15/2018 1 11/06/2013 Books

Medication safety in pregnancy and breastfeeding :

APA

Gideon Koren, Koren G., . (2007). Medication safety in pregnancy and breastfeeding. New York: McGraw-Hill Medical.

Chicago

Gideon Koren, Koren Gideon, . 2007. Medication safety in pregnancy and breastfeeding. New York: McGraw-Hill Medical.

Harvard

Gideon Koren, Koren G., . (2007). Medication safety in pregnancy and breastfeeding. New York: McGraw-Hill Medical.

MLA

Gideon Koren, Koren Gideon, . Medication safety in pregnancy and breastfeeding. New York: McGraw-Hill Medical. 2007.

  • Place hold
  • Print
  • Cite
  • Add to your cart (remove)
  • Save record
    BIBTEX Dublin Core MARCXML MARC (non-Unicode/MARC-8) MARC (Unicode/UTF-8) MARC (Unicode/UTF-8, Standard) MODS (XML) RIS
  • More searches
    Search for this title in:
    Other Libraries (WorldCat) Other Databases (Google Scholar) Online Stores (Bookfinder.com) Open Library (openlibrary.org)

Exporting to Dublin Core...

SOUTHVILLE LIBRARY

Southville International School and Colleges Library

1281 Tropical Ave. Cor. Luxembourg St., BF Homes International, Las Pinas City

Tel. No. 8256374 / 252358 Loc. 117/146

Powered by Koha